000 00453nam a22001577a 4500
005 20260115175636.0
008 260115b |||||||| |||| 00| 0 eng d
020 _a978-0-9884797-0-8
050 _aHD 62.5.J64 2013
_b1
100 _aJohnson Kevin D
245 _aThe Entrepreneur Mind
_b100 Essential Beliefs,Characteristics and Habits
260 _aAtlanta
_bJohnson Media
_c2013
300 _a254 P
650 _aEntrepreneurship
942 _2lcc
_cBK
999 _c216460
_d216460